Mitigation of Chemicals in Agriculture / (Record no. 171973)

MARC details
000 -LEADER
fixed length control field 00568nam a2200169 4500
005 - DATE AND TIME OF LATEST TRANSACTION
control field 20200124111643.0
010 ## - LCCN (DPL NO)
LC control number ENG-127541
020 ## - INTERNATIONAL STANDARD BOOK NUMBER
Terms of availability 500.00
International Standard Book Number 9789389146134
035 ## - SYSTEM CONTROL NUMBER
System control number EN-111073
037 ## - SOURCE OF ACQUISITION
Source of stock number/acquisition DBAD/PUB
082 ## - DEWEY DECIMAL CLASSIFICATION NUMBER
Classification number 630.1
245 ## - TITLE STATEMENT
Title Mitigation of Chemicals in Agriculture /
Statement of responsibility, etc edited by G.S. Kannan, S.Ganesh [and] M.Sundaramari
260 ## - PUBLICATION, DISTRIBUTION, ETC. (IMPRINT)
Place of publication, distribution, etc Madurai
Name of publisher, distributor, etc Shanlax
Date of publication, distribution, etc 2019
270 ## - ADDRESS
Address 61,66,T.P.K Main Road,Vasantha Nagar
City Madurai
Postal code 625003
Electronic mail address publisher@shanlaxpublications.com
300 ## - PHYSICAL DESCRIPTION
Extent 199p.
Dimensions 29cm(pnk)
942 ## - ADDED ENTRY ELEMENTS (KOHA)
Source of classification or shelving scheme Dewey Decimal Classification
Item type English Books
Classification part 630.1
Call number suffix MIT
Holdings
Withdrawn status Lost status Not for loan Collection code Home library Current library Date acquired Source of acquisition Cost, normal purchase price Full call number Barcode Copy number Cost, replacement price Koha item type
      Non-fiction Sarojini Nagar Sarojini Nagar 24/01/2020 DBAD/PUB 500.00 630.1 MIT EN-111073 1 500.00 English Books

© Delhi Public Library
Hit Counter
free hit counter